Solar Energy Technology handbook : Part A Engineering fundamentals. Part B Applications, systems design and economics

Na minha lista:
Detalhes bibliográficos
Formato: Livro
Idioma:inglês
Publicado em: New York : Butterworths, 1980
Assuntos:
Tags: Adicionar Tag
Sem tags, seja o primeiro a adicionar uma tag!

MARC

LEADER 00000nam a22000003a 4500
001 stu95340
005 20141122112242.0
008 050822s1980----xxu-----------------eng-d
040 |a STU  |b slo 
041 0 |a eng 
044 |a xxu 
080 |a 620.91 
080 |a 523.9-7  |7 stu_us_auth*stu7861 
080 |a 621.383 
245 |a Solar Energy Technology handbook :  |b Part A Engineering fundamentals. Part B Applications, systems design and economics 
260 |a New York :  |b Butterworths,  |c 1980 
300 |a 9, 882 s 
300 |a 9, 805 s 
650 7 |a Energia slnečná  |2 stusub 
996 |b E54841  |c E*54841  |l EE05  |s P  |a 0  |w stu95340_0001 
996 |b E54842  |c E*54842  |l EE05  |s P  |a 0  |w stu95340_0002 
996 |b E54843  |c E*54843  |l EE06  |s P  |a 0  |w stu95340_0003 
996 |b E54844  |c E*54844  |l EE06  |s P  |a 0  |w stu95340_0004